| 000 | 00512nam a22001937a 4500 | ||
|---|---|---|---|
| 005 | 20260515115118.0 | ||
| 008 | 250918b |||||||| |||| 00| 0 eng d | ||
| 020 | _a9788198248633 | ||
| 040 |
_aIN-DiNC _cIN-DiNC |
||
| 041 | _dasm | ||
| 082 |
_a491 _bBAR |
||
| 100 |
_aBaruah, Anup Kumar _eauthor |
||
| 245 |
_aBharatiya bhashar parichay (Minor5)/ _cby Anup Kumar Baruah |
||
| 250 | _a1st ed. | ||
| 260 |
_aJorhat: _bBidya bhawan, _c2025. |
||
| 300 | _a304p. | ||
| 650 | _aIndian languages | ||
| 942 |
_2ddc _cBK |
||
| 999 |
_c12258 _d12258 |
||